[Event "Navalmoral op 10th"]
[Site "Navalmoral"]
[Date "2004.12.04"]
[Round "1"]
[White "Kohlet, Paul"]
[Black "Khamrakulov, Ibragim S"]
[Result "0-1"]
[WhiteElo "1807"]
[BlackElo "2500"]
[PlyCount "42"]
[EventDate "2004.12.04"]
[EventType "swiss"]
[EventRounds "9"]
[EventCountry "ESP"]
[SourceTitle "CBM 103 Extra"]
[Source "ChessBase"]
[SourceDate "2005.01.01"]
[SourceVersion "1"]
[SourceVersionDate "2005.01.01"]
[SourceQuality "1"]

1. Nf3 Nf6 2. g3 b6 3. Bg2 Bb7 4. c4 e6 5. 0-0 Be7 6. d4 0-0 7. Nc3 Ne4 8. Qc2 Nxc3 9. bxc3 f5 10. d5 Na6 11. Nd4 Nc5 12. Ba3 g6 13. Rab1 exd5 14. cxd5 Ne4 15. d6 Bxd6 16. Nxf5 Bxa3 17. Ne3 Qe7 18. Nc4 Nc5 19. Nxa3 Bxg2 20. Kxg2 Rae8 21. Rfe1 Qe4+ 0-1